|
|
|
|
| LEADER |
00865nam a22002293 4500 |
| 001 |
c000387401 |
| 003 |
CARM |
| 005 |
00000000000000.0 |
| 008 |
961122s1867 fr eng |
| 019 |
1 |
|
|a 69851497
|5 LACONCORD2021
|
| 035 |
|
|
|a (OCoLC)1268255952
|5 LACONCORD2021
|
| 040 |
|
|
|a VDU
|c VDU
|
| 100 |
1 |
|
|a Pontes, Lucien Davesies de.
|
| 245 |
1 |
0 |
|a Etudes sur la peinture venitienne ... /
|c par Lucien Davesies de Pontes.
|
| 260 |
|
|
|a Paris :
|b Michel Levy Freres,
|c 1867.
|
| 300 |
|
|
|a vii, 388 p. ;
|c 19 cm.
|
| 650 |
|
0 |
|a Painting
|z Italy
|z Venice.
|
| 650 |
|
0 |
|a Universities and colleges
|z Germany.
|
| 650 |
|
0 |
|a Women artists.
|
| 852 |
8 |
|
|b CARM
|h A3:AD17G0
|i A05581
|p 0480117
|f BK
|
| 999 |
f |
f |
|i 71146cb2-029f-5d38-9107-2e4622dc701f
|s 7a8b95f4-ebd8-566f-b20e-2ba45c081c40
|
| 952 |
f |
f |
|p Can circulate
|a CAVAL
|b CAVAL
|c CAVAL
|d CARM 1 Store
|e A05581
|f A3:AD17G0
|h Other scheme
|i book
|m 0480117
|